Busca los dinosaurios / (Registro nro. 12167)

Detalles MARC
000 -LIDER
fixed length control field 00804nam a22002657a 4500
001 - NÚMERO DE CONTROL
Identificador de número de control 000767
003 - IDENTIFICACDOR DE NÚMERO DE CONTROL
control field DO-SdBNP
005 - DATE AND TIME OF LATEST TRANSACTION
control field 20171129094847.0
007 - CAMPOS FIJOS DE DESCRIPCIÓN FÍSICA
fixed length control field 000767
008 - ELEMENTOS DE LONGITUD FIJA
fixed length control field 161129b 2000 sp a ||||| |||| 00| 0 spa d
020 ## - ISBN
International Standard Book Number 9788430537815
020 ## - ISBN
International Standard Book Number 8430537813
040 ## - FUENTE DE CATALOGACIÓN
Agencia que crea de manera original el registro BPMSU
Idioma de catalogación spa
Agencia que realiza la transcripción BPMSU
082 ## - NÚMERO DE CLASIFICACIÓN DECIMAL DE DEWEY
Classification number xxxx
Item number xxxx
100 1# - ASIENTO PRINCIPAL -- NOMBRE PERSONAL
Nombre personal Rovira, Pere
245 10 - MENCIÓN DE TITULO
Título Busca los dinosaurios /
Mención de responsabilidad ambiente y textos: Pere Rovira ; diseño e ilustraciones: Francisco Arredondo.
260 ## - PUBLICACIÓN, DISTRIBUCIÓN, ETC. (PIE DE IMPRENTA)
Lugar de publicación, distribución, etc Madrid :
Nombre del editor, distribuidor, etc. Susaeta Ediciones,
Fecha de publicación, distribución, etc [200-?].
300 ## - DESCRIPCIÓN FÍSICA
Extensión 29 p. :
Otros detalles físicos il. ;
Dimensiones 29 cm.
490 1# - MENCIÓN DE SERIES
Mención de serie Busca los animales
700 1# - ASIENTO SECUNDARIO -- NOMBRE PERSONAL
Nombre personal Arredondo, Francisco,
Mención de responsabilidad il.
830 #0 - ASIENTO SECUNDARIO DE SERIE--TÍTULO UNIFORME
Título uniforme Busca los animales.
942 ## - ADDED ENTRY ELEMENTS (KOHA)
Source of classification or shelving scheme Dewey Decimal Classification
Koha item type Libros
945 ## - INFORMACIÓN DE PROCESAMIENTO LOCAL
Información de procesamiento local Inventariado extranjero / 2017 BT
956 ## - LOCAL ELECTRONIC LOCATION AND ACCESS (OCLC)
Método de acceso LOPEREZ
Materiales especificados 10
Enlace 20161129
Campo enlazado y núm. de secuencia BPMSU
Nombre de host 00041
Existencias
Withdrawn status Lost status Source of classification or shelving scheme Damaged status Not for loan Collection code Home library Current library Date acquired Source of acquisition Total Checkouts Full call number Barcode Date last seen Price effective from Koha item type
    Dewey Decimal Classification     Colección Infantil General Biblioteca Pública Metropolitana Salomé Ureña Biblioteca Pública Metropolitana Salomé Ureña 11/29/2016 FUNDI   xxxx xxxx BPMSU16111659 11/29/2016 11/29/2016 Libros